00697nam a2200169Ia 4500003000900000008004100009020001800050040001600068080002300084111007800107245022300185260004000408300001300448650002300461700002100484700002200505IN-BaIIA211028s9999 xx 000 0 eng d a0-7503-0419-7 cIIA Library a530.12(082.1)bGEN aScottish Universities Summer School in Physicsn46thcScotlandd1995 July 0aGeneral relativitybproceedings of the Forty Sixth Scottish Universities Summer School in Physics held in Aberdeen, Scotland, Jul 1995cedited by G. S. Hall and J. R. Pulham  aBristolbInstitute of Physicsc1996 ax, 422p. aGeneral relativity aHall, G. S., ed. aPulham, J. R. ed.